Segmentační studie zákazníků na příkladu společnosti Západočeská energetika, a.s.
Stratégia spoločnosti Západočeská energetika, a.s. v oblasti starostlivosti o zákazníka. Starostlivosť o zákazníka. Segmentácia zákazníkov - kvantitatívna a kvalitatívna. Popis jednotlivých segmentov.
Salvato in:
| Autore principale: | |
|---|---|
| Natura: | Capitolo di libro |
| Lingua: | ceco |
| Soggetti: | |
| Tags: |
Nessun Tag, puoi essere il primo ad aggiungerne!!
|
MARC
| LEADER | 00000naa$a2200000$$$4500 | ||
|---|---|---|---|
| 001 | 0006409 | ||
| 005 | 20231004104231.6 | ||
| 041 | 0 | |a cze | |
| 044 | |a CZ | ||
| 245 | 1 | 0 | |a Segmentační studie zákazníků na příkladu společnosti Západočeská energetika, a.s. |c aut. Ivana Lukasová |
| 520 | |a Stratégia spoločnosti Západočeská energetika, a.s. v oblasti starostlivosti o zákazníka. Starostlivosť o zákazníka. Segmentácia zákazníkov - kvantitatívna a kvalitatívna. Popis jednotlivých segmentov. | ||
| 610 | 2 | 0 | |a segmentácia trhu |
| 610 | 2 | 0 | |a zákazníci |
| 610 | 2 | 0 | |a Západočeská energetika, a.s. |
| 610 | 2 | 0 | |a konkurencieschopnosť |
| 610 | 2 | 0 | |a energia elektrická |
| 610 | 2 | 0 | |a dodávatelia |
| 100 | 1 | |a Lukasová, Ivana | |